000 00621nam a2200229Ia 4500
003 OSt
005 20221007105926.0
006 a|||||r|||| 00| 0
007 ta
008 221006b |||||||| |||| 00| 0 eng d
024 _a19,910
037 _cTextual
040 _aLCO
_cLCO
_beng
041 _2eng
_aeng
082 _aZ2,181, L3
245 0 _aCompany Notices Meetings and Resolution Editorial Board
260 _aCalcutta
_bInternational Law Book Centre India
_c1973
300 _aVarious
650 _aCOMPANY NOTICES
_9706967
942 _hZ2,181, L3
_cTEXL
999 _c1189473
_d1189473